000 00581nam a2200229Ia 4500
003 OSt
005 20221005120353.0
006 a|||||r|||| 00| 0
007 ta
008 221004b |||||||| |||| 00| 0 ben d
024 _a108288
037 _cTextual
040 _aCRL
_cCRL
_bben
041 _2ben
_aben
082 _aV2:51, 157N7
100 _aPuadir Mohmmad Nurul
_9629071
245 0 _aDusho chheshatti dine swadhinata
260 _c1997
650 _aHISTORY
942 _hV2:51, 157N7
_cTEXL
_2cc
999 _c1037777
_d1037777